000 00725nam a2200193 a 4500
001 000037655
005 20201002031110.0
008 121024s2006 ck a 000 0 spa d
020 _a9583005002
040 _aDO-SdBNP
_bspa
_cBNPHU
082 _axxx
_bS527r
100 1 _aShakespeare, William
_d1564-1616
_96748
245 1 0 _aRomeo y Julieta /
_cWilliam Shakespeare ; traducción Marcelino Menéndez y Pelayo ; prólogo Jorge Plata S.
260 _aBogotá, Colombia :
_bPanamericana,
_c2006.
300 _a111 p. :
_bil. ;
_c21 cm.
500 _aLa biblioteca posee la sexta reimpresión de la primera impresión del 1998.
700 1 _aMenéndez y Pelayo, Marcelino
_etr.
_960052
700 1 _aPlata S., Jorge,
_epról.
_964125
999 _c37145
_d37145